00000000nam##2200000za#4500
0019.625950
003CaOODSP
00520220808101246
007ta
008150406|2001||||xxc|||||     f|0| 0 fre|d
020 |a0-662-84719-9
040 |aCaOODSP|bfre
043 |an-cn---
0861 |aEn40-215/51F
1101 |aCanada. |bEnvironnement Canada. |bService de la protection de l'environnement.
24510|aOxyde d'éthylène
260 |aOttawa - Ontario : |bEnvironnement Canada. |c2001.
300 |avi, 84p. : |bfigures, graphiques, références, tableaux ; |c28 cm.
4901 |aListe des substances d'intérêt prioritaire: rapport d'évaluation
500 |aEn tête du titre: "Loi canadienne sur la protection de l'environnement (1999)".
563 |aReliure à spirale
590 |a02-26|b2002-06-28
69107|aGestion de l'environnement|2gcpds
69107|aPolluant|2gcpds
77508|tEthylene oxide |w(CaOODSP)9.615999
7760#|tOxyde d'éthylène |w(CaOODSP)9.598064
830#0|aListe des substances d'intérêt prioritaire, rapport d'évaluation.|w(CaOODSP)9.512966